书目信息 |
| 题名: |
高低频电路设计与制作
|
|
| 作者: | 铃木雅臣 著 ;邓学 译 | |
| 分册: | ||
| 出版信息: | 北京 科学出版社 2006 |
|
| 页数: | 244页 | |
| 开本: | 24cm | |
| 丛书名: | 图解实用电子技术丛书 | |
| 单 册: | ||
| 中图分类: | TN710.2 , TN722.1 | |
| 科图分类: | ||
| 主题词: | 高频--电子电路--电路设计 , 低频--电子电路--电路设计 , 高频--电子电路--制作 , 低频--电子电路--制作 | |
| 电子资源: | ||
| ISBN: | 7-03-011783-2 | |
| 000 | 01420oam2 2200349 45 | |
| 001 | 012004062986 | |
| 005 | 20070805112430.90 | |
| 009 | 012004062986 | |
| 010 | @a7-03-011783-2@dCNY35.00 | |
| 035 | @a(110019)012006072350 | |
| 100 | @a20060814e20072006em y0chiy0110 ea | |
| 101 | 1 | @achi@cjpn |
| 102 | @aCN@b110000 | |
| 105 | @aa z 000yy | |
| 106 | @ar | |
| 200 | 1 | @a高低频电路设计与制作@Agao di pin dian lu she ji yu zhi zuo@e从放大电路的设计到安装技巧@Econg fang da dian lu de she ji dao an zhuang ji qiao@f(日)铃木雅臣著@F( ri ) ling mu ya chen zhu@g邓学译@Gdeng xue yi |
| 210 | @a北京@c科学出版社@d2006@h2007重印 | |
| 215 | @a244页@d24cm | |
| 225 | 2 | @a图解实用电子技术丛书@Atu jie shi yong dian zi ji shu cong shu |
| 330 | @a本书共分九章,首先在绪论中简要地介绍AM收音机;其次一一介绍晶体管的工作原理,FET的工作原理,OP放大器的放大电路,低频放大电路的制作,高频放大电路设计基础,以及高频放大电路的基本设计等。 | |
| 461 | 0 | @12001 @a图解实用电子技术丛书 |
| 517 | 1 | @a从放大电路的设计到安装技巧@Acong fang da dian lu de she ji dao an zhuang ji qiao |
| 606 | 0 | @a高频@x电子电路@x电路设计 |
| 606 | 0 | @a低频@x电子电路@x电路设计 |
| 606 | 0 | @a高频@x电子电路@x制作 |
| 606 | 0 | @a低频@x电子电路@x制作 |
| 690 | @aTN710.2@v4 | |
| 690 | @aTN722.1@v4 | |
| 701 | 0 | @c(日)@a铃木雅臣@Aling mu ya chen@4著 |
| 702 | 0 | @a邓学@Adeng xue@4译 |
| 801 | 0 | @aCN@b110019@c20070805 |
| 905 | @dTN710.2@e247@f5 | |
| 高低频电路设计与制作:从放大电路的设计到安装技巧/(日)铃木雅臣著/邓学译.-北京:科学出版社,2006(2007重印) |
| 244页;24cm.-(图解实用电子技术丛书) |
| ISBN 7-03-011783-2:CNY35.00 |
| 本书共分九章,首先在绪论中简要地介绍AM收音机;其次一一介绍晶体管的工作原理,FET的工作原理,OP放大器的放大电路,低频放大电路的制作,高频放大电路设计基础,以及高频放大电路的基本设计等。 |
| ● |
| 相关链接 |
|
|
|
|
正题名:高低频电路设计与制作
索取号:TN710.2/247
 
预约/预借
| 序号 | 登录号 | 条形码 | 馆藏地/架位号 | 状态 | 备注 |
| 1 | 0851493 | 208514936 | 第二样本阅览室/ [索取号:TN710.2/247] | 在馆 | |
| 2 | 0851494 | 208514945 | 第三借阅区/ [索取号:TN710.2/247] | 在馆 | |
| 3 | 0851495 | 208514954 | 第三借阅区/ [索取号:TN710.2/247] | 在馆 | |
| 4 | 0851496 | 208514963 | 第三借阅区/ [索取号:TN710.2/247] | 在馆 | |
| 5 | 0851497 | 208514972 | 第三借阅区/ [索取号:TN710.2/247] | 在馆 |